000 00481nam a2200181Ia 4500
008 131103s9999 xx 000 0 und d
040 _aLoreto College
041 _aEnglish
082 _aREF
_bLCBED/10500
100 _aNarlikar, Jayant
245 2 _aA journey through the universe
_cJayant Narlikar
260 _aDelhi
_bNational Book Trust
_c1986
300 _a64p.
_b pic.
_c 20cm.
440 _aNehru Bal Pustakalaya
650 _aREF
850 _aLCBED/REF
942 _cBK
999 _c33584
_d84063